header

Hole's essentials of human anatomy and physiology / (Record no. 266388)

MARC details
000 -LEADER
fixed length control field 01320cam a22003974a 4500
001 - CONTROL NUMBER
control field 13657670
003 - CONTROL NUMBER IDENTIFIER
control field OSt
005 - DATE AND TIME OF LATEST TRANSACTION
control field 20260622081220.0
008 - FIXED-LENGTH DATA ELEMENTS--GENERAL INFORMATION
fixed length control field 040716s2006 maua 001 0 eng
010 ## - LIBRARY OF CONGRESS CONTROL NUMBER
LC control number 2004016702
020 ## - INTERNATIONAL STANDARD BOOK NUMBER
International Standard Book Number 0072539623
Qualifying information acid-free paper
International Standard Book Number 9780072539622
Qualifying information (acid-free paper)
035 ## - SYSTEM CONTROL NUMBER
System control number 13657670
040 ## - CATALOGING SOURCE
Original cataloging agency DLC
Transcribing agency DLC
Modifying agency DLC
042 ## - AUTHENTICATION CODE
Authentication code pcc
050 00 - LIBRARY OF CONGRESS CALL NUMBER
Classification number QP34.5
Item number .S49 2006
082 00 - DEWEY DECIMAL CLASSIFICATION NUMBER
Classification number 612
Edition number 22
100 1# - MAIN ENTRY--PERSONAL NAME
Personal name Shier, David.
245 10 - TITLE STATEMENT
Title Hole's essentials of human anatomy and physiology /
Statement of responsibility, etc David Shier, Jackie Butler, Ricki Lewis.
250 ## - EDITION STATEMENT
Edition statement 9th ed.
260 ## - PUBLICATION, DISTRIBUTION, ETC. (IMPRINT)
Place of publication, distribution, etc Boston :
Name of publisher, distributor, etc McGraw-Hill,
Date of publication, distribution, etc c2006.
300 ## - PHYSICAL DESCRIPTION
Extent xviii, 590 p. :
Other physical details col. ill. ;
Dimensions 28 cm.
336 ## - CONTENT TYPE
Content type term text
Content type code txt
Source rdacontent
337 ## - MEDIA TYPE
Media type term unmediated
Media type code n
Source rdamedia
338 ## - CARRIER TYPE
Carrier type term volume
Carrier type code nc
Source rdacarrier
500 ## - GENERAL NOTE
General note Includes index.
650 #0 - SUBJECT ADDED ENTRY--TOPICAL TERM
Topical term or geographic name as entry element Human physiology.
Topical term or geographic name as entry element Human anatomy.
700 1# - ADDED ENTRY--PERSONAL NAME
Personal name Butler, Jackie.
Personal name Lewis, Ricki.
856 41 - ELECTRONIC LOCATION AND ACCESS
Materials specified Table of contents
Uniform Resource Identifier <a href="http://www.loc.gov/catdir/toc/ecip0420/2004016702.html">http://www.loc.gov/catdir/toc/ecip0420/2004016702.html</a>
906 ## - LOCAL DATA ELEMENT F, LDF (RLIN)
a 7
b cbc
c orignew
d 1
e ecip
f 20
g y-gencatlg
942 ## - ADDED ENTRY ELEMENTS (KOHA)
Source of classification or shelving scheme Library of Congress Classification
Koha item type Long Loan Books
Holdings
Withdrawn status Lost status Source of classification or shelving scheme Damaged status Not for loan Collection code Home library Current library Shelving location Date acquired Total Checkouts Full call number Barcode Date last seen Price effective from Koha item type
    Library of Congress Classification     Non-fiction Rongo University Library Rongo University Library General Stacks 22/06/2026   QP34.5 .S49 2006 20262165 22/06/2026 22/06/2026 Long Loan Books

© 2026 Rongo University
Contact us: librarian | system librarian | Rongo university